00464 2200181 4500001002100000008004100021035002000062245007200082100002200154250000600176260002900182300001200211084001400223082000800237650001300245990001200258990001200270INLIS000000000000795 ind  a0010-0524000030 aCara Cespleng Pintar Sejarah SMA Kelas X, XI, XIIcAgus Triswantoro aTriswantoro, Agus a1 aYogyakarta :bAndic2015 a240 hlm a900 AGU c a900 aNonFiksi a0740439 a0740440